000 00312nam a22001457a 4500
008 210310b ||||| |||| 00| 0 eng d
020 _a9780077488222
041 _aeng
080 _23
_a510
082 _23
_a510
100 _a36
101 _aMAT
245 _aMATH in Our World
_cSobecki,D
942 _2udc
_cBK
999 _c56140
_d56140